| 000 | 01885nam a2200565 i 4500 | ||
|---|---|---|---|
| 001 | 196361 | ||
| 003 | ES-MaACL | ||
| 005 | 20241012063112.0 | ||
| 007 | ta | ||
| 008 | 240919s1993||||fr a gr 00| m|fre d | ||
| 017 |
_aDL 93-24059 _bFR |
||
| 020 | _a2225841071 | ||
| 024 | 3 | _a9782225841071 | |
| 035 | _a(OCoLC)28490062 | ||
| 035 | _aocm28490062 | ||
| 035 | _zocm31015381 | ||
| 035 | _asib0486181 | ||
| 035 | _aurouen76118 | ||
| 035 | _afrBN015625591 | ||
| 035 |
_aFRBNF355888330000006 _zFRBNF35588833 |
||
| 035 | _aflora206353 | ||
| 035 | _a002953803 | ||
| 040 |
_aABES _bfre _eAFNOR _cES-MaACL _dES-MaACL |
||
| 041 | 0 | _2639-2 | |
| 060 | 4 | _aKK6718 | |
| 060 | 4 | _aWL 102 | |
| 080 |
_a61 _2Éd. 1967 |
||
| 082 | 0 | _a610 | |
| 100 |
_0(IdRef)030916488 _1http://www.idref.fr/030916488/id _aGuérit, Jean-Michel _9238775 |
||
| 245 | 1 | 4 |
_aLes potentiels évoqués / _cpar J.-M. Guérit ; préface de E. Ch. Laterre. |
| 250 | _a2e éd. | ||
| 260 |
_aParis ; _aMilan ; _aBarcelone : _bMasson, _c1993. |
||
| 300 |
_aXVII-347 p. : _bil. ; _c24 cm. |
||
| 336 |
_btxt _2rdacontent _atexto |
||
| 337 |
_bn _2rdamedia _asin mediación |
||
| 337 |
_bn _2isbdmedia _asin mediación |
||
| 338 |
_2rdacarrier _avolumen |
||
| 504 | _aBibliografía: p. 335-342. Indice. | ||
| 650 | 4 |
_aNeurofisiología _915528 |
|
| 650 | 7 |
_aFisiología _9136120 |
|
| 700 |
_0(IdRef)032490682 _1http://www.idref.fr/032490682/id _aLaterre, Émile-Christian _9238781 |
||
| 852 |
_aES-MaACL _cDEPO1 _hDonación: José Manuel Duarte Cendán _9204064 _jA-15405 |
||
| 886 | 2 |
_2unimarc _a181 _ai# _bxxxe## |
|
| 903 |
_9238529 _aDuarte Cendán, José Manuel _q1 _ednr |
||
| 942 |
_n0 _cMONOGRAFIA |
||
| 999 |
_c196361 _d196361 |
||
| 999 | _b751062103a | ||